|
|
|
|
| LEADER |
01065nam a2200277 a 4500 |
| 001 |
17699 |
| 003 |
BD-DhAAL |
| 005 |
20140610114740.0 |
| 008 |
140610s1993 nyua b 001 0 eng |
| 010 |
|
|
|a 92045793
|
| 020 |
|
|
|a 0415907209
|
| 040 |
|
|
|a DLC
|c DLC
|d DLC
|d BD-DhAAL
|
| 050 |
0 |
0 |
|a HC79.E5
|b S36 1993
|
| 082 |
0 |
0 |
|a 363.7
|2 20
|
| 100 |
1 |
|
|a Seager, Joni.
|9 4874
|
| 245 |
1 |
0 |
|a Earth follies :
|b coming to feminist terms with the global environmental crisis /
|c Joni Seager.
|
| 260 |
|
|
|a New York :
|b Routledge,
|c 1993.
|
| 300 |
|
|
|a xvii, 332 p. :
|b ill. ;
|c 22 cm.
|
| 504 |
|
|
|a Includes bibliographical references and index.
|
| 541 |
|
|
|e 17566
|
| 650 |
|
0 |
|a Environmental policy
|x Political aspects.
|9 4875
|
| 650 |
|
0 |
|a Human ecology
|x Political aspects.
|9 4876
|
| 650 |
|
0 |
|a Feminist theory.
|9 4877
|
| 942 |
|
|
|2 ddc
|c BK
|
| 999 |
|
|
|c 14417
|d 14417
|
| 952 |
|
|
|0 0
|1 0
|2 ddc
|4 0
|6 363_700000000000000_SEA
|7 0
|9 24418
|a BRACUL
|b BRACUL
|c GEN
|d 2014-06-10
|l 1
|o 363.7 SEA
|p 3010017566
|r 2024-01-30
|s 2024-01-23
|t 1
|w 2014-06-10
|y BK
|x Transferred from ENH to Ayesha Abed library on 20/12/2023
|